|
|
|
|
| LEADER |
00000naa0a2200000 4500 |
| 001 |
657880 |
| 005 |
20250707123834.0 |
| 035 |
|
|
|a (RuTPU)RU\TPU\network\24701
|
| 035 |
|
|
|a RU\TPU\network\24217
|
| 090 |
|
|
|a 657880
|
| 100 |
|
|
|a 20180328d2017 k y0rusy50 ca
|
| 101 |
0 |
|
|a rus
|
| 102 |
|
|
|a RU
|
| 135 |
|
|
|a drgn ---uucaa
|
| 181 |
|
0 |
|a i
|
| 182 |
|
0 |
|a b
|
| 200 |
1 |
|
|a Анализ уровня травматизма на угледобывающем разрезе (на примере Кемеровской области)
|d The analysis of the occupational accidents' level in coal mining production (on the example of Kemerovo region)
|f Е. Д. Никонова, А. Н. Вторушина
|
| 203 |
|
|
|a Текст
|c электронный
|
| 300 |
|
|
|a Заглавие с экрана
|
| 320 |
|
|
|a [Библиогр.: с. 989 (3 назв.)]
|
| 330 |
|
|
|a The paper presents data analysis of labor safety state on a coal mining production. The specific of the investigated object is surface coal mining. The paper presents the relation between the age of worker and the level of injuries as well as the relation between the work experience and the level of injuries. The authors also consider the reasons of injuries in the coal mining production.
|
| 463 |
|
1 |
|t Экологическая, промышленная и энергетическая безопасность
|o сборник статей научно-практической конференции с международным участием, Севастополь, 11-15 Сентября 2017
|f Севастопольский государственный университет (СевГУ) ; Российский фонд фундаментальных исследований
|v [С. 986-989]
|d 2017
|
| 510 |
1 |
|
|a The analysis of the occupational accidents' level in coal mining production (on the example of Kemerovo region)
|z eng
|
| 610 |
1 |
|
|a электронный ресурс
|
| 610 |
1 |
|
|a труды учёных ТПУ
|
| 610 |
1 |
|
|a охрана труда
|
| 610 |
1 |
|
|a угледобывающие предприятия
|
| 610 |
1 |
|
|a травматизм
|
| 610 |
1 |
|
|a добыча
|
| 700 |
|
1 |
|a Никонова
|b Е. Д.
|g Елена Демьяновна
|
| 701 |
|
1 |
|a Вторушина
|b А. Н.
|c специалист в области экологии и безопасности жизнедеятельности
|c доцент Томского политехнического университета, кандидат химических наук
|f 1981-
|g Анна Николаевна
|3 (RuTPU)RU\TPU\pers\28245
|9 13198
|
| 712 |
0 |
2 |
|a Национальный исследовательский Томский политехнический университет
|b Инженерная школа неразрушающего контроля и безопасности
|b Отделение контроля и диагностики
|3 (RuTPU)RU\TPU\col\23584
|
| 801 |
|
2 |
|a RU
|b 63413507
|c 20180328
|g RCR
|
| 850 |
|
|
|a 63413507
|
| 856 |
4 |
|
|u https://elibrary.ru/item.asp?id=32364378
|
| 942 |
|
|
|c CF
|